Memoria / publicada por el Comité Ejecutivo nombrado por la Corporación de Voluntarios Catalanes y Soldados Supervivientes de la Guerra de África de 1860, para la erección de un monumento conmemorando las glorias del Ejército Español.
Descripción Física:
16 p. ; 23 cm
Materias:
Monuments -- Barcelona
MARC
| LEADER | 00000nam a2200000Ia 4500 | ||
|---|---|---|---|
| 001 | 17448 | ||
| 008 | 160829s9999 xx 000 0 cat d | ||
| 080 | |a 3547, exp. 1 | ||
| 100 | |a Corporación de Voluntarios Catalanes y Soldados Supervivientes de la Guerra de África de 1860 |9 48164 | ||
| 245 | |a Memoria / publicada por el Comité Ejecutivo nombrado por la Corporación de Voluntarios Catalanes y Soldados Supervivientes de la Guerra de África de 1860, para la erección de un monumento conmemorando las glorias del Ejército Español. | ||
| 260 | |a Barcelona : |b Félix Costa, [1910] | ||
| 300 | |a 16 p. ; |c 23 cm | ||
| 650 | |a Monuments |x Barcelona |9 48165 | ||
| 901 | |a Arxiu | ||
| 942 | |n 1 | ||
| 952 | |0 0 |1 0 |4 0 |6 3547_EXP_1 |7 1 |9 54358 |a Arxiu |b Arxiu |d 2016-12-01 |l 0 |o 3547, exp. 1 |p 17448 |r 2016-12-01 00:00:00 |w 2016-12-01 |y ARXIU | ||
| 999 | |c 58227 |d 58227 | ||